000 00680nam a22002057a 4500
001 BD-DhSAU 10585
003 BD-DhSAU
005 20150628171827.0
008 150624b1987 bg ||||| |||| 00| 0 ben d
040 _aBD-DhSAU
082 _222
_a...
_bআহডা
100 _aআহমেদ, নিজাম উদ্দিন
245 _aডাইনোসর /
_cনিজাম উদ্দিন আহমেদ
260 _aঢাকা :
_bবাংলা একাডেমী,
_c১৯৮৭.
300 _a৩০ পৃ। :
_c২১ সে মি।
590 _aJerin
650 _aBengali Literature
650 _aডাইনোসর
942 _2ddc
_cBOOK
999 _c10585
_d10584